Sports Quiz

Random Sports or Baseball Quiz
Score 0/15 Timer 06:00
3 Plays Today
Losses Pitcher % Correct
161CC Sabathia
88.8%
129Justin Verlander
64.9%
136Felix Hernandez
53.3%
108Jon Lester
50.6%
123Zack Greinke
41.2%
121Cole Hamels
40%
127Ervin Santana
35.1%
118Rick Porcello
23%
Losses Pitcher % Correct
133Edwin Jackson
19.8%
108Aníbal Sánchez
19.1%
114Francisco Liriano
14.8%
103Ian Kennedy
8.5%
104Jeff Samardzija
8.4%
114Jason Hammel
8%
118Ricky Nolasco
4%

You're not logged in!

Compare scores with friends on all Sporcle quizzes.
OR
Log In

Sporcle TV

Today on Sporcle TV


Watch our educational content, quiz creation guides, and fun videos on Sporcle TV.

Show Comments

Extras

Top Quizzes Today


Score Distribution

Paid Content

Your Account Isn't Verified!

In order to create a playlist on Sporcle, you need to verify the email address you used during registration. Go to your Sporcle Settings to finish the process.

Report this User

Report this user for behavior that violates our Community Guidelines.

Details: